00342nam a2200121 a 450000500170000000800410001702000150005805000230007310000240009624500700012030000220019052100080021220140310183214.0030421s19uu xx 00 eng d a9715131662 aRT 41b.Ud18M 2002 aUdan, Jose Quiambao aMastering Fundamentals of Nursing Concepts /cJose Quiambao Udan. a272 p. :c25 cm.  aNUR